<?xml version="1.0" encoding="UTF-8"?>
<marc:record xmlns:marc="http://www.loc.gov/MARC21/slim">
   <marc:leader>00000nam a2200000 a 4500</marc:leader>
   <marc:datafield ind1="1" ind2=" " tag="100">
      <marc:subfield code="a">Various Artists</marc:subfield>
      <marc:subfield code="4">aut</marc:subfield>
      <marc:subfield code="e">Verfasser/-in</marc:subfield>
   </marc:datafield>
   <marc:datafield ind1=" " ind2=" " tag="653">
      <marc:subfield code="a">Dezember</marc:subfield>
   </marc:datafield>
   <marc:datafield ind1=" " ind2=" " tag="653">
      <marc:subfield code="a">Weihnachten</marc:subfield>
   </marc:datafield>
   <marc:datafield ind1=" " ind2=" " tag="653">
      <marc:subfield code="a">Weihnachtsbäckerei</marc:subfield>
   </marc:datafield>
   <marc:datafield ind1=" " ind2=" " tag="653">
      <marc:subfield code="a">Party</marc:subfield>
   </marc:datafield>
   <marc:datafield ind1=" " ind2=" " tag="653">
      <marc:subfield code="a">Hitparade</marc:subfield>
   </marc:datafield>
   <marc:datafield ind1=" " ind2=" " tag="653">
      <marc:subfield code="a">Schlittenfahrt</marc:subfield>
   </marc:datafield>
   <marc:datafield ind1=" " ind2=" " tag="653">
      <marc:subfield code="a">Kekse</marc:subfield>
   </marc:datafield>
   <marc:datafield ind1="0" ind2="0" tag="245">
      <marc:subfield code="a">Ki.Ka Weihnachts-Hitparade</marc:subfield>
   </marc:datafield>
   <marc:datafield ind1="0" ind2="0" tag="245">
      <marc:subfield code="c">Various Artists</marc:subfield>
   </marc:datafield>
   <marc:datafield ind1=" " ind2="1" tag="264">
      <marc:subfield code="a">[o. O.]</marc:subfield>
      <marc:subfield code="b">Universal Pictures Video</marc:subfield>
      <marc:subfield code="c">2005</marc:subfield>
   </marc:datafield>
   <marc:datafield ind1="1" ind2=" " tag="520">
      <marc:subfield code="a">01 Rolf Zuckowski &amp; Seine Freunde In Der Weihnachtsbäckerei    &lt;br/&gt;02 Volker Rosin Weihnachtsmambo (es Macht Klingelingeling)    &lt;br/&gt;03 Piet Flosse, Daniel Fischer Oh Kabeljau    &lt;br/&gt;04 Tom Lehel Mein Boss, Der Weihnachtsmann    &lt;br/&gt;05 Tanzalarmkids Weihnachtsparty    &lt;br/&gt;06 Rabe Rudi Kleine Glocke    &lt;br/&gt;07 Oskar Leopold Immergrün Endlich Wieder Dezember    &lt;br/&gt;08 Jörg Tim Wilhelm Weihnachtsmann Mambo    &lt;br/&gt;09 Juri Schnee Vom Weihnachtsmann    &lt;br/&gt;10 Daniel Kallauch Weihnachten Ist Party Für Jesus    &lt;br/&gt;11 Jo Hiller, Petty Pur Weihnachtschaos Pur    &lt;br/&gt;12 Iris Gruttmann Weihnachtstanz    &lt;br/&gt;13 Geraldino Wer Hat Angst Vorm Weihnachtsmann?    &lt;br/&gt;14 Philis &amp; Mike Ihr Kinderlein Kommet    &lt;br/&gt;15 Conni Wenn Es Draußen Kalt Wird    &lt;br/&gt;16 Ritter Rost Kekse Backen In Der Weihnachtszeit    &lt;br/&gt;17 Die Lollipops Morgen Kinder Wird's Was Geben    &lt;br/&gt;18 Detlev Jöcker Weihnachten, Weihnachten    &lt;br/&gt;19 Chor Der Musikschule Verena Fränzel, Beutolomäus Sack Meine Lieblingsweihnachtslieder    &lt;br/&gt;20 SCHNAPPI Schlittenfahrt    &lt;br/&gt;21 Ki.ka Allstars Für Alle Menschen    &lt;br/&gt;22 Ramses W. Ladiges Oh Du Fröhliche    &lt;br/&gt;</marc:subfield>
   </marc:datafield>
   <marc:datafield ind1=" " ind2=" " tag="041">
      <marc:subfield code="a">ger</marc:subfield>
   </marc:datafield>
   <marc:datafield ind1="1" ind2=" " tag="521">
      <marc:subfield code="a">0</marc:subfield>
   </marc:datafield>
</marc:record>
